Top 5 Ballon d'Or since 1990 - Statistics

General Stats
  • This quiz has been taken 1,479 times
    1,432 since last reset
  • The average score is 118 of 146
Answer Stats
YEAR PLAYER CLUB NATIONALITY % Correct
2 Cristiano Ronaldo Manchester United Portugal
98%
1 Cristiano Ronaldo Manchester United Portugal
98%
2 Cristiano Ronaldo Manchester United / Real Madrid Portugal
98%
2 Cristiano Ronaldo Real Madrid Portugal
98%
2 Cristiano Ronaldo Real Madrid Portugal
98%
1 Cristiano Ronaldo Real Madrid Portugal
98%
1 Cristiano Ronaldo Real Madrid Portugal
98%
2 Cristiano Ronaldo Real Madrid Portugal
98%
1 Cristiano Ronaldo Real Madrid Portugal
98%
1 Cristiano Ronaldo Real Madrid Portugal
98%
2 Cristiano Ronaldo Real Madrid / Juventus Portugal
98%
3 Lionel Messi Barcelona Argentina
98%
2 Lionel Messi Barcelona Argentina
98%
1 Lionel Messi Barcelona Argentina
98%
1 Lionel Messi Barcelona Argentina
98%
1 Lionel Messi Barcelona Argentina
98%
1 Lionel Messi Barcelona Argentina
98%
2 Lionel Messi Barcelona Argentina
98%
2 Lionel Messi Barcelona Argentina
98%
1 Lionel Messi Barcelona Argentina
98%
2 Lionel Messi Barcelona Argentina
98%
2 Lionel Messi Barcelona Argentina
98%
5 Lionel Messi Barcelona Argentina
98%
2 Ronaldo PSV Eindhoven / Barcelona Brazil
98%
1 Ronaldo Barcelona / Inter Milan Brazil
98%
3 Ronaldo Inter Milan Brazil
98%
1 Ronaldo Inter Milan / Real Madrid Brazil
98%
5 Neymar Santos / Barcelona Brazil
96%
3 Neymar Barcelona Brazil
96%
5 Neymar Barcelona Brazil
96%
3 Neymar Barcelona / Paris Saint-Germain Brazil
96%
4 Andrés Iniesta Barcelona Spain
95%
2 Andrés Iniesta Barcelona Spain
95%
4 Andrés Iniesta Barcelona Spain
95%
3 Andrés Iniesta Barcelona Spain
95%
5 Luis Suarez Barcelona Uruguay
95%
4 Luis Suarez Barcelona Uruguay
95%
5 Luka Modric Real Madrid Croatia
95%
1 Luka Modric Real Madrid Croatia
95%
5 Xavi Barcelona Spain
95%
3 Xavi Barcelona Spain
95%
3 Xavi Barcelona Spain
95%
3 Xavi Barcelona Spain
95%
4 Xavi Barcelona Spain
95%
3 Zinédine Zidane Juventus France
95%
1 Zinédine Zidane Juventus France
95%
2 Zinédine Zidane Juventus France
95%
4 Zinédine Zidane Real Madrid France
95%
5 Zinédine Zidane Real Madrid France
95%
5 Zinédine Zidane Real Madrid / retired France
95%
4 Zlatan Ibrahimovic Paris Saint-Germain Sweden
95%
4 Robert Lewandowski Bayern Munich Poland
94%
3 Ronaldinho Barcelona Brazil
94%
1 Ronaldinho Barcelona Brazil
94%
4 Ronaldinho Barcelona Brazil
94%
4 Thierry Henry Arsenal France
94%
2 Thierry Henry Arsenal France
94%
4 Thierry Henry Arsenal France
94%
4 Thierry Henry Arsenal France
94%
3 Thierry Henry Arsenal France
94%
3 Antoine Griezmann Atlético Madrid France
93%
3 Antoine Griezmann Atlético Madrid France
93%
3 Franck Ribéry Bayern Munich France
93%
3 Manuel Neuer Bayern Munich Germany
93%
3 Andriy Shevchenko Dynamo Kiev / AC Milan Ukraine
92%
3 Andriy Shevchenko AC Milan Ukraine
92%
4 Andriy Shevchenko AC Milan Ukraine
92%
1 Andriy Shevchenko AC Milan Ukraine
92%
5 Andriy Shevchenko AC Milan Ukraine
92%
4 Arjen Robben Bayern Munich Netherlands
92%
2 Gianluigi Buffon Juventus Italy
92%
4 Gianluigi Buffon Juventus Italy
92%
1 Kaka AC Milan Brazil
92%
5 Luis Figo Barcelona Portugal
92%
1 Luis Figo Barcelona / Real Madrid Portugal
92%
4 Didier Drogba Chelsea Côte d'Ivoire
91%
1 Fabio Cannavaro Juventus / Real Madrid Italy
91%
5 Samuel Eto'o Barcelona / Inter Milan Cameroon
91%
5 Wayne Rooney Manchester United England
91%
2 Frank Lampard Chelsea England
90%
3 Paolo Maldini AC Milan Italy
90%
3 Paolo Maldini AC Milan Italy
90%
3 Steven Gerrard Liverpool England
90%
5 Thomas Müller Bayern Munich Germany
90%
1 Pavel Nedved Juventus Czech Republic
89%
3 Fernando Torres Liverpool Spain
88%
4 Michael Owen Liverpool England
88%
1 Michael Owen Liverpool England
88%
5 Rivaldo Barcelona Brazil
88%
1 Rivaldo Barcelona Brazil
88%
- Rivaldo Barcelona Brazil
88%
1 George Weah Paris Saint-Germain / AC Milan Liberia
84%
5 Diego Forlan Atlético Madrid Uruguay
83%
2 Raul Real Madrid Spain
83%
5 Roberto Carlos Real Madrid Brazil
82%
2 Roberto Carlos Real Madrid Brazil
82%
3 Oliver Kahn Bayern Munich Germany
81%
3 Oliver Kahn Bayern Munich Germany
81%
5 Radamel Falcao Atlético Madrid Colombia
81%
4 Wesley Sneijder Inter Milan Netherlands
81%
2 Deco Porto / Barcelona Portugal
80%
1 Marco Van Basten AC Milan Netherlands
80%
2 David Beckham Manchester United England
78%
4 David Beckham Manchester United England
78%
5 Francesco Totti AS Roma Italy
78%
4 Iker Casillas Real Madrid Spain
77%
3 Alan Shearer Blackburn / Newcastle England
75%
5 Andrea Pirlo AC Milan Italy
75%
2 Hristo Stoichkov Barcelona Bulgaria
75%
1 Hristo Stoichkov Barcelona Bulgaria
75%
1 Lothar Matthäus Inter Milan West Germany
74%
- Lothar Matthäus Inter Milan Germany
74%
3 Dennis Bergkamp Ajax Amsterdam Netherlands
73%
2 Dennis Bergkamp Ajax Amsterdam / Inter Milan Netherlands
73%
4 Dennis Bergkamp Arsenal Netherlands
73%
1 Roberto Baggio Juventus Italy
73%
2 Roberto Baggio Juventus Italy
73%
3 Eric Cantona Manchester United France
70%
2 Davor Suker Real Madrid Croatia
69%
4 Alessandro Del Piero Juventus Italy
67%
4 Alessandro Del Piero Juventus Italy
67%
1 Jean-Pierre Papin Olympique de Marseille France
63%
1 Matthias Sammer Borussia Dortmund Germany
63%
4 Gabriel Batistuta Fiorentina Argentina
62%
5 Michael Ballack Bayer Leverkusen / Bayern Munich Germany
62%
5 Michael Laudrup Barcelona Denmark
62%
- Gheorge Hagi Brescia / Barcelona Romania
59%
3 Jari Litmanen Ajax Amsterdam Finland
59%
5 Peter Schmeichel Manchester United Denmark
57%
5 Alessandro Nesta Lazio Italy
55%
5 Franco Baresi AC Milan Italy
49%
2 Jürgen Klinsmann Tottenham / Bayern Munich Germany
48%
5 Jürgen Klinsmann Bayern Munich Germany
48%
5 Patrick Kluivert Ajax Amsterdam Netherlands
40%
2 Predrag Mijatovic Real Madrid Yugoslavia (Montenegro)
31%
3 Andreas Brehme Inter Milan Germany
24%
4 Paul Gascoigne Tottenham England
18%
4 Tomas Brolin Parma Sweden
18%
2 Salvatore Schillaci Juventus Italy
15%
2 Dejan Savicevic Red Star Belgrade Yugoslavia (Montenegro
14%
5 Theodoros Zagorakis AEK Athens / Bologna Greece
13%
4 Alen Boksic Olympique de Marseille / Lazio Croatia
11%
4 Kylian Mbappé Paris Saint-Germain France
11%
5 Robert Prosinecki Red Star Belgrade Yugoslavia (Croatia)
10%
- Darko Pancev Red Star Belgrade Yugoslavia (FYR Macedonia)
9%
4 Thomas Hässler AS Roma Germany
5%
No matching quizzes found
Score Distribution
Percent of People with Each Score
Percentile by Number Answered
Your Score History
You have not taken this quiz since the last reset